000 00599nam a2200229Ia 4500
003 OSt
005 20221006165946.0
006 a|||||r|||| 00| 0
007 ta
008 221006b |||||||| |||| 00| 0 eng d
024 _a2,205
037 _cTextual
040 _aFML
_cFML
_beng
041 _2eng
_aeng
082 _aNR44v, M7
100 _aRamavtar Vir Au.
245 0 _aHistory of Indian Music and Musicians
260 _aNew Delhi
_bPankaj Publication
_c1987
300 _a112
_ccm.
942 _hNR44v, M7
_cTEXL
_2CC
999 _c1122562
_d1122562